000 00494nmm a2200145Ia 4500
008 251105s9999||||xx |||||||||||||||||und||
041 _aspa
100 _aRomero Torres, Julián David
245 0 _a"A la lucha he venido": La campaña electoral de 1930 en Colombia
264 _a[Bogotá, Colombia] :
_bUniversidad del Rosario,
_c2018
300 _a381 páginas
650 _aHistory of the Americas: Latin America
856 _uhttps://public.digitaliapublishing.com/a/59750
942 _cCF
999 _c106603
_d106603